Amor
Gorde:
| Egile nagusia: | |
|---|---|
| Formatua: | Liburua |
| Hizkuntza: | gaztelania |
| Argitaratua: |
Santiago
La Pollera Ediciones
2014
|
| Edizioa: | 1a. ed |
| Gaiak: | |
| Etiketak: |
Etiketa erantsi
Etiketarik gabe, Izan zaitez lehena erregistro honi etiketa jartzen!
|
MARC
| LEADER | 00000cam a2200000 a 4500 | ||
|---|---|---|---|
| 001 | UCC0430 | ||
| 003 | CL-VaPUC | ||
| 008 | 170811e20140000cl |||||||||||||||||spa|d | ||
| 020 | |a 9789569203206 | ||
| 082 | 0 | 4 | |a Ch863 |b EMA |2 21 |
| 100 | |a Emar, Juan |e author |9 454978 | ||
| 245 | 1 | 0 | |a Amor |
| 250 | |a 1a. ed | ||
| 300 | |a 177 p | ||
| 942 | |c BK | ||
| 945 | |d 20170811 15:21:00 |a arojas | ||
| 260 | |a Santiago |b La Pollera Ediciones |c 2014 | ||
| 650 | 0 | |a Novelas chilenas |9 265425 | |
| 650 | 0 | |a Literatura chilena |9 308278 | |
| 583 | |a last modification |c 20170811 15:21:00 |k Rodrigo Vera | ||
| 999 | |c 369271 |d 369269 | ||